Suggestione fraterna /

Uloženo v:
Podrobná bibliografie
Hlavní autor: Maddalosso, Agnese
Médium: Kniha
Jazyk:angličtina
Vydáno: Limena (PD) Daigo Press 2011
Tagy: Přidat tag
Žádné tagy, Buďte první, kdo vytvoří štítek k tomuto záznamu!

MARC

LEADER 00000nam a2200000 4500
001 CDOM0000005046
003 mi
005 20250925115404.0
008 250925b |||||||| |||| 00| 0 eng d
040 |c mi 
100 |a Maddalosso, Agnese 
245 1 |a Suggestione fraterna /  |c Agnese Maddalosso 
260 |a Limena (PD)  |b Daigo Press  |c 2011 
300 |a 92 p.  |c 21 cm. 
942 |2 ddc  |c BK 
952 |0 0  |1 0  |2 ddc  |4 0  |6 B_LNR02MADAGSUG11  |7 0  |9 7622  |a MI  |b MI  |d 2012-01-09  |i 6360  |l 0  |o B-LNR02-MADAG-SUG11  |p CDOM6360  |r 2025-07-13 16:28:00  |w 2025-07-13  |x DONO DELL'AUTRICE  |y BK 
999 |c 6309  |d 6309